000 00452nam a2200169Ia 4500
003 GCL
008 140319s9999 xx 000 0 eng d
040 _aGCL /
_cGCL
082 0 4 _a574
_bM H
100 1 _aMAYER, ERNST
245 1 0 _aHISTORY DE LA BIOLOGIE: DIVERSITE EVOLUTION ET HEREDITE /
_cMAYER, ERNST
260 _a[S.N] :
_bFAYARD ،
_c1989
300 _a635 P
650 0 4 _aBIOLOGY
650 0 4 _aDARWIN, CHARLES 1809 - 1882
942 _2ddc
_cBK
999 _c24677
_d24677